000 00663nam a2200217Ia 4500
003 OSt
005 20220919114401.0
008 161214s9999 xx 000 0 und d
020 _a9789353006061
_c3000.00
040 _csage library
082 _223
_a728.80954
_bBAS
100 _aBasu, Manisha Shodhan
245 0 _aLe corbusier's villa shodhan
260 _bMSB Publisher
_c2008
300 _a115 p.;
_bcol. ill.:
_c29 cm.
650 _aAhmadabad (India) -- Buildings, structures, etc.
650 _aArchitecture, Domestic -- India -- Ahmadabad
650 _aLe Corbusier, 1887-1965
650 _aShodhan House (Ahmadabad, India)
942 _2ddc
_cREF
999 _c36202
_d36202